000 00604nam a22002057a 4500
005 20170124110130.0
010 _aB-212945
020 _c150.00
_a8176463574
035 _aB-212945
037 _bCen Lib/Ret
082 _aN
_bDUA
100 _aDuara, Srutimala
_931990
245 _aMaya's party :
_cby Srutimala Duara
_ba novel /
260 _aNew Delhi
_bB.R. publishinng corporation
_c2003
270 _bNew Delhi
_a4222/1, Ansari road, Daryaganj
_e110002
300 _a192p.
_c21cm(pbk)
650 _aLiterature -- fiction
_972070
650 _aEnglish Novel
_914422
942 _2ddc
_cEN
_hN
_mDUA
999 _c131521
_d131521